01385nab a22002177a 4500003000400000005001700004008004100021040000700062100002700069245021900096260007300315300001300388500003400401505026500435505007100700650002200771650003600793650002700829773014000856856017100996OSt20230721120326.0190604e xxu||||| |||| 00| 0 spa d cPJ aCosentino, Gabriela M.13aEl dec. 779/2022 reglamentario de la ley 25.916 de Presupuestos Mínimos de Protección Ambiental para la Gestión Integral de los Residuos Domiciliarios: bconsideraciones preliminares /cGabriela M. Cosentino. aCiudad Autónoma de Buenos Aires :bThomson Reuters La Ley, c2023. ap. 45-59 aCita Online: AR/DOC/561/2023. aSumario: I. Enfoque y perspectiva.— II. La ley 25.916 de PMPA-GIRD.— III. Los Presupuestos Mínimos de Protección Ambiental.— IV. El dec. 779/2022, reglamentario de la ley 25.916 de PMPA-GIRD. Alcance y contenido.— V. Reflexiones y consideraciones.  tSi te interesa el texto, comunicate: koha@justierradelfuego.gov.ar 0aDERECHO AMBIENTAL 0aPROTECCIÓN DEL MEDIO AMBIENTE 0aRESIDUOS DOMICILIARIOS0 02714dCiudad Autónoma de Buenos Aires : Thomson Reuters La Ley, 2014-tRevista anales de legislación argentina. Nº 4 - Abril 2023. yNormativa comentada: Decreto Reglamentario Nº 779/2022uhttps://www.justierradelfuego.gov.ar/wp-content/uploads/2023/07/DECRETO-779-2022-REGLAMENTARIO-LEY-25.916.pdf